000
00247nam a2200097Ia 4500
008
190216s9999||||xx |||||||||||||| ||und||
100
_a
Dr.Meenakshi Sundaran T P
245
0
_a
Thamizh Sahithya Charithram
260
_b
Kerala Basha Inst
942
_c
BK
999
_c
37669
_d
37669